[Event "10th KiiT Festival 2017"]
[Site "Bhubaneshwar"]
[Date "2017.05.27"]
[Round "2"]
[White "Iniyan, P."]
[Black "Pruthu Deshpande"]
[Result "1-0"]
[WhiteElo "2392"]
[BlackElo "2075"]
[Annotator "NA"]
[PlyCount "101"]
[EventDate "2017.05.26"]
[EventType "swiss"]
[EventCountry "IND"]
[SourceTitle "playchess.com"]
[Source "ChessBase"]
[SourceQuality "1"]
[TimeControl "5400+30"]

1. d4 d5 2. c4 c6 3. Nc3 Nf6 4. e3 a6 5. Nf3 Bf5 6. Qb3 Ra7 7. Ne5 e6 8. Be2 h6 9. O-O Nbd7 10. f4 Bd6 11. Bd2 O-O 12. Be1 Ne4 13. Kh1 Qc7 14. Rc1 Nxc3 15. Qxc3 Raa8 16. Bh4 Rae8 17. Bf3 f6 18. Nd3 g5 19. Bg3 g4 20. Be2 h5 21. Nf2 Rf7 22. c5 Be7 23. Bd3 Bxd3 24. f5 e5 25. Nxd3 Bf8 26. Rce1 h4 27. Bxh4 Rh7 28. g3 Bh6 29. Nf2 Rg7 30. e4 Bg5 31. Bxg5 Rxg5 32. Qb3 Kg7 33. exd5 cxd5 34. Qxd5 Rxf5 35. Nxg4 Rxf1+ 36. Rxf1 Qc6 37. Qxc6 bxc6 38. dxe5 fxe5 39. b4 a5 40. Rd1 Re7 41. bxa5 Nxc5 42. Rc1 Nb7 43. a6 Nd8 44. Rd1 Nf7 45. Rb1 Nd6 46. Rb6 e4 47. Rxc6 Nb5 48. Rb6 Nd4 49. Rb7 Rxb7 50. axb7 Nc6 51. Kg2 1-0

[Event "10th KiiT Festival 2017"]
[Site "Bhubaneshwar"]
[Date "2017.05.27"]
[Round "2"]
[White "Erigaisi Arjun"]
[Black "Shrestha, Bilam Lal"]
[Result "1/2-1/2"]
[WhiteElo "2338"]
[BlackElo "2072"]
[Annotator "NA"]
[PlyCount "113"]
[EventDate "2017.05.26"]
[EventType "swiss"]
[EventCountry "IND"]
[SourceTitle "playchess.com"]
[Source "ChessBase"]
[SourceQuality "1"]
[TimeControl "5400+30"]

1. d4 Nf6 2. c4 c5 3. d5 e6 4. Nc3 exd5 5. cxd5 d6 6. Nf3 a6 7. a4 g6 8. Nd2 Nbd7 9. e4 Bg7 10. Be2 O-O 11. O-O Re8 12. Re1 Rb8 13. a5 b5 14. axb6 Nxb6 15. Ra3 Ra8 16. h3 Nfd7 17. Bf1 Bd4 18. Nb3 Bg7 19. Na5 Qf6 20. Be3 Ne5 21. f4 Ned7 22. Nc6 Bb7 23. Qa1 Qh4 24. Bd2 Bd4+ 25. Nxd4 cxd4 26. Na2 Nc5 27. Qb1 Qe7 28. Bd3 Rac8 29. Nb4 Nxd3 30. Rxd3 Nc4 31. Rxd4 Nxd2 32. Rxd2 Rc4 33. Nc6 Bxc6 34. dxc6 Rxc6 35. Qd3 Qe6 36. Kh2 Rb8 37. Re3 Rb5 38. Qa3 Rcb6 39. e5 d5 40. Red3 Qf5 41. Rd4 g5 42. Qe7 Rxb2 43. Rxb2 Rxb2 44. fxg5 Re2 45. Qd8+ Kg7 46. Qf6+ Qxf6 47. exf6+ Kg6 48. Rxd5 h6 49. gxh6 Kxh6 50. Ra5 Re6 51. g4 Kg6 52. g5 Rb6 53. h4 Rb4 54. Kg3 Rb3+ 55. Kf2 Rb4 56. Kg3 Rb3+ 57. Kf2 1/2-1/2

[Event "10th KiiT Festival 2017"]
[Site "Bhubaneshwar"]
[Date "2017.05.27"]
[Round "2"]
[White "Arjun Kalyan"]
[Black "Baivab Mishra"]
[Result "1/2-1/2"]
[WhiteElo "2322"]
[BlackElo "2068"]
[Annotator "NA"]
[PlyCount "98"]
[EventDate "2017.05.26"]
[EventType "swiss"]
[EventCountry "IND"]
[SourceTitle "playchess.com"]
[Source "ChessBase"]
[SourceQuality "1"]
[TimeControl "5400+30"]

1. e4 c5 2. Nf3 d6 3. d4 cxd4 4. Nxd4 Nf6 5. Nc3 g6 6. Be3 Bg7 7. f3 O-O 8. Qd2 Nc6 9. O-O-O d5 10. exd5 Nxd5 11. Nxc6 bxc6 12. Bd4 Bxd4 13. Qxd4 Qb6 14. Na4 Qc7 15. Bc4 Rd8 16. Bb3 Bf5 17. g3 Nb6 18. Qc5 Rd6 19. Nc3 Nd7 20. Qe3 Nf8 21. Ne4 Bxe4 22. fxe4 Nd7 23. h4 Rd8 24. Rdf1 Rf6 25. h5 Rxf1+ 26. Rxf1 e6 27. Qg5 Re8 28. hxg6 hxg6 29. Qh4 Qe5 30. Rh1 Nc5 31. Bc4 Nxe4 32. Re1 Qg5+ 33. Qxg5 Nxg5 34. Re5 f5 35. g4 Kg7 36. gxf5 gxf5 37. Rc5 Rc8 38. Bb5 Kf6 39. Rxc6 Rxc6 40. Bxc6 e5 41. b4 e4 42. a4 Ke5 43. b5 Ne6 44. a5 Nd4 45. Be8 Kd6 46. Kd1 Kc5 47. b6 axb6 48. a6 Nc6 49. Bg6 b5 1/2-1/2

[Event "10th KiiT Festival 2017"]
[Site "Bhubaneshwar"]
[Date "2017.05.27"]
[Round "2"]
[White "Rajesh, V A V"]
[Black "Nayak Rajesh"]
[Result "0-1"]
[WhiteElo "2314"]
[BlackElo "2067"]
[Annotator "NA"]
[PlyCount "57"]
[EventDate "2017.05.26"]
[EventType "swiss"]
[EventCountry "IND"]
[SourceTitle "playchess.com"]
[Source "ChessBase"]
[SourceQuality "1"]
[TimeControl "5400+30"]

1. d4 Nf6 2. c4 g6 3. Nc3 Bg7 4. e4 d6 5. h3 O-O 6. Nf3 e5 7. d5 a5 8. Be3 Na6 9. Bd3 Nh5 10. O-O Nf4 11. Bc2 h5 12. Re1 Qf6 13. Bxf4 Qxf4 14. a3 f5 15. b4 b6 16. Rb1 Qh6 17. Bd3 Bd7 18. Nb5 Rf7 19. Qd2 f4 20. Nh2 Bf6 21. Be2 g5 22. f3 Kh8 23. Rec1 Rg8 24. Rb3 Rh7 25. Qd1 g4 26. fxg4 f3 27. Bxf3 hxg4 28. Nxg4 Bxg4 29. hxg4 0-1

[Event "10th KiiT Festival 2017"]
[Site "Bhubaneshwar"]
[Date "2017.05.27"]
[Round "2"]
[White "Raahul V S"]
[Black "Hamal, Manish"]
[Result "1/2-1/2"]
[WhiteElo "2311"]
[BlackElo "2056"]
[Annotator "NA"]
[PlyCount "139"]
[EventDate "2017.05.26"]
[EventType "swiss"]
[EventCountry "IND"]
[SourceTitle "playchess.com"]
[Source "ChessBase"]
[SourceQuality "1"]
[TimeControl "5400+30"]

1. c4 Nf6 2. Nc3 g6 3. g3 Bg7 4. Bg2 d6 5. d4 O-O 6. Nf3 Nc6 7. O-O h6 8. Qc2 Bf5 9. e4 Bg4 10. Be3 Qc8 11. d5 Nb4 12. Qd2 Kh7 13. Rac1 Na6 14. Rfe1 c5 15. dxc6 bxc6 16. e5 dxe5 17. Nxe5 Rd8 18. Qc2 Nb4 19. Qa4 Nd3 20. Nxd3 Rxd3 21. Qxc6 Qxc6 22. Bxc6 Rc8 23. Bg2 Be6 24. Bxa7 Bxc4 25. Be3 Be6 26. Rcd1 Rxd1 27. Rxd1 Bg4 28. Rd2 Ne8 29. h3 Be6 30. Nd5 Nd6 31. b3 Nf5 32. Bb6 h5 33. a4 Rc1+ 34. Kh2 Rb1 35. a5 Rxb3 36. a6 Bxd5 37. Bxd5 Rxb6 38. a7 Ra6 39. Ra2 Rxa7 40. Rxa7 Bd4 41. Ra2 Kg7 42. Kg2 Bc5 43. Ra5 Bb4 44. Ra4 Bd6 45. Be4 Nh6 46. Kf3 Ng8 47. Ke2 Nf6 48. Kd3 Ng8 49. Kc4 Nf6 50. Kb5 Nh7 51. Kc6 Ng5 52. Bg2 Ne6 53. Bd5 Nf8 54. Re4 Nh7 55. Re3 Ng5 56. Bg2 Nh7 57. Bf1 Kf8 58. Bc4 Kg7 59. Bd3 Ng5 60. f4 Nh7 61. f5 Nf6 62. fxg6 fxg6 63. Bc4 Nh7 64. Kd7 Bc5 65. Rb3 Ng5 66. h4 Ne4 67. Bd5 Nf6+ 68. Ke6 Bd6 69. Rf3 Bc5 70. Bc4 1/2-1/2

[Event "10th KiiT Festival 2017"]
[Site "Bhubaneshwar"]
[Date "2017.05.27"]
[Round "2"]
[White "Mitrabha, Guha"]
[Black "Priyanka, Kumari"]
[Result "1-0"]
[WhiteElo "2299"]
[BlackElo "1941"]
[Annotator "NA"]
[PlyCount "121"]
[EventDate "2017.05.26"]
[EventType "swiss"]
[EventCountry "IND"]
[SourceTitle "playchess.com"]
[Source "ChessBase"]
[SourceQuality "1"]
[TimeControl "5400+30"]

1. d4 Nf6 2. c4 g6 3. g3 Bg7 4. Bg2 O-O 5. Nc3 d6 6. Nf3 a6 7. O-O Nc6 8. Qd3 Bf5 9. e4 Bg4 10. d5 Bxf3 11. Qxf3 Nd4 12. Qd1 c5 13. dxc6 Nxc6 14. Be3 Nd7 15. Rc1 Rc8 16. b3 Nc5 17. Nd5 e6 18. Nf4 Qe7 19. Qd2 Rfd8 20. Rfd1 Bf8 21. Ne2 Nd7 22. h3 e5 23. Nc3 Qe6 24. Nd5 Ne7 25. Nc3 Nc6 26. Kh2 Kh8 27. h4 f5 28. Bh3 Nf6 29. Kg1 Ng4 30. exf5 gxf5 31. Bxg4 fxg4 32. Re1 Qf5 33. Nd5 Bg7 34. Bb6 Rf8 35. Rcd1 Qg6 36. Qg5 Qxg5 37. hxg5 Rf5 38. Ne3 Rxg5 39. Rxd6 Re8 40. Kg2 Kg8 41. Rd7 Re7 42. Red1 Kf7 43. Bc5 Rxd7 44. Rxd7+ Ke6 45. Rxb7 a5 46. Rc7 Nd4 47. Re7+ Kf6 48. Ra7 Kg6 49. Rxa5 Ne6 50. Be7 Bf6 51. Bxf6 Kxf6 52. Nd5+ Kf5 53. Ra7 h5 54. b4 Ke4 55. Rd7 Nd4 56. b5 Kd3 57. b6 Rf5 58. b7 Rf8 59. Rf7 Rb8 60. Nb4+ Kxc4 61. Na6 1-0

[Event "10th KiiT Festival 2017"]
[Site "Bhubaneshwar"]
[Date "2017.05.27"]
[Round "2"]
[White "Gukesh D"]
[Black "Alahakoon, Isuru"]
[Result "1-0"]
[WhiteElo "2283"]
[BlackElo "2047"]
[Annotator "NA"]
[PlyCount "69"]
[EventDate "2017.05.26"]
[EventType "swiss"]
[EventCountry "IND"]
[SourceTitle "playchess.com"]
[Source "ChessBase"]
[SourceQuality "1"]
[TimeControl "5400+30"]

1. Nf3 d5 2. g3 Nc6 3. d4 Bf5 4. Bg2 Nb4 5. Na3 e6 6. c3 Nc6 7. Qb3 Rb8 8. O-O Be7 9. Bf4 g5 10. Be3 h5 11. Ne5 h4 12. Qa4 Kf8 13. c4 Nxe5 14. dxe5 d4 15. Rad1 c5 16. Bc1 a6 17. e3 hxg3 18. hxg3 Qc7 19. exd4 cxd4 20. Rfe1 Nh6 21. b4 d3 22. c5 Ng4 23. Nc4 b5 24. Qa5 Bd8 25. Qxc7 Bxc7 26. Nd6 f6 27. Nxf5 exf5 28. exf6 Rd8 29. Bxg5 Rh5 30. f4 Rd4 31. Bc6 Bd8 32. Bf3 Rh3 33. Bh4 Rxf4 34. Rxd3 Rxf3 35. Rxd8+ 1-0

[Event "10th KiiT Festival 2017"]
[Site "Bhubaneshwar"]
[Date "2017.05.27"]
[Round "2"]
[White "Akash Pc, Iyer"]
[Black "Satkar, Chirag"]
[Result "1-0"]
[WhiteElo "2282"]
[BlackElo "2041"]
[Annotator "NA"]
[PlyCount "129"]
[EventDate "2017.05.26"]
[EventType "swiss"]
[EventCountry "IND"]
[SourceTitle "playchess.com"]
[Source "ChessBase"]
[SourceQuality "1"]
[TimeControl "5400+30"]

1. Nf3 d5 2. g3 Nf6 3. Bg2 c6 4. O-O Bf5 5. d3 h6 6. Nbd2 e6 7. b3 Be7 8. Bb2 O-O 9. Re1 a5 10. a3 Bh7 11. e4 Na6 12. Ne5 Nc5 13. Qe2 Qb6 14. Bd4 Qc7 15. f4 Rad8 16. Qf2 Nfd7 17. Nef3 Na6 18. Kh1 Rfe8 19. Bb2 b5 20. Ne5 Nac5 21. Nxd7 Nxd7 22. e5 c5 23. a4 c4 24. bxc4 dxc4 25. dxc4 bxc4 26. Ne4 Bxe4 27. Bxe4 c3 28. Bc1 Nc5 29. Bf3 Qd7 30. Qg2 Rc8 31. Rd1 Qc7 32. Be3 Red8 33. Bd4 Na6 34. Bb7 Nb4 35. Bxc8 Rxc8 36. Rab1 Nd5 37. Rb5 Bb4 38. f5 Qd7 39. Qf3 Rd8 40. Rd3 Qc6 41. Bf2 Qc7 42. Qe4 Qc6 43. Kg1 Rc8 44. f6 g6 45. Qh4 Kh7 46. Rd4 Qc7 47. Qe4 Qc6 48. Qf3 Qc7 49. Qe2 Qc6 50. Rh4 Qc7 51. Qe4 Bf8 52. Kg2 Nb4 53. Bc5 Qd7 54. Rb7 Qd2+ 55. Kh3 Qxc2 56. Rxf7+ Kg8 57. Rxf8+ Rxf8 58. Qxc2 Nxc2 59. Bxf8 Kxf8 60. Rc4 Ne3 61. Rxc3 Nd5 62. Rc5 Nb6 63. Rxa5 Nd5 64. Rxd5 exd5 65. e6 1-0

[Event "10th KiiT Festival 2017"]
[Site "Bhubaneshwar"]
[Date "2017.05.27"]
[Round "2"]
[White "Kaustuv, Kundu"]
[Black "Soham Datar"]
[Result "1/2-1/2"]
[WhiteElo "2274"]
[BlackElo "2030"]
[Annotator "NA"]
[PlyCount "130"]
[EventDate "2017.05.26"]
[EventType "swiss"]
[EventCountry "IND"]
[SourceTitle "playchess.com"]
[Source "ChessBase"]
[SourceQuality "1"]
[TimeControl "5400+30"]

1. e4 c5 2. Nf3 d6 3. d4 cxd4 4. Nxd4 Nf6 5. Nc3 a6 6. Be3 e6 7. f3 b5 8. Qd2 b4 9. Nce2 e5 10. Nb3 Nc6 11. O-O-O Be6 12. g4 Be7 13. Ng3 O-O 14. g5 Ne8 15. Kb1 Qc8 16. Nf5 Bd8 17. h4 a5 18. Bb5 a4 19. Nc1 Qb7 20. Qe2 Bxf5 21. exf5 Bb6 22. Bxc6 Qxc6 23. Bxb6 Qxb6 24. f6 Nc7 25. Qe4 Rfe8 26. h5 d5 27. Qg4 Qe6 28. Qxb4 d4 29. Qd2 Nd5 30. Ka1 Reb8 31. fxg7 Ne3 32. g6 h6 33. Nd3 f5 34. Rhe1 f4 35. Rc1 Rc8 36. c3 a3 37. b3 dxc3 38. Rxc3 Rxc3 39. Qxc3 Rc8 40. Nc5 Qd5 41. Rc1 Qxf3 42. Qxe5 Qd5 43. Qxf4 Nf5 44. Qc4 Qxc4 45. Rxc4 Nxg7 46. b4 Nxh5 47. Kb1 Nf6 48. Kc2 Nd7 49. Kb3 Ne5 50. Re4 Nxg6 51. Kxa3 h5 52. Kb3 h4 53. a4 Kf7 54. Nd3 h3 55. Ne5+ Nxe5 56. Rxe5 Rh8 57. Re1 h2 58. Rh1 Ke6 59. Kc4 Kd6 60. Kb5 Kc7 61. Ka6 Ra8+ 62. Kb5 Rh8 63. a5 Kb7 64. Kc5 Rh5+ 65. Kd4 Ka6 1/2-1/2

[Event "10th KiiT Festival 2017"]
[Site "Bhubaneshwar"]
[Date "2017.05.27"]
[Round "2"]
[White "Senthil Maran K"]
[Black "Ghosh, Diptayan"]
[Result "0-1"]
[WhiteElo "2111"]
[BlackElo "2569"]
[Annotator "TA"]
[PlyCount "120"]
[EventDate "2017.05.26"]
[EventType "swiss"]
[EventCountry "IND"]
[SourceTitle "playchess.com"]
[Source "ChessBase"]
[SourceQuality "1"]

{[%evp 20,120,15,0,47,45,63,53,64,65,41,18,62,70,71,62,65,77,75,72,59,8,0,0,0,0,0,0,0,0,0,0,0,0,0,-18,0,0,0,0,0,0,0,0,0,0,0,0,0,0,0,0,0,0,0,-68,-75,-81,-12,-12,-5,-4,-4,-4,-1,-16,-4,-4,0,0,0,0,0,0,0,0,0,0,0,0,0,0,0,0,0,0,0,0,0,0,0,-8,0,0,0,-8,0,0,0,-29982,-29983,-29983,-29984]} 1. d4 Nf6 2. c4 e6 3. g3 d5 4. Bg2 Bb4+ 5. Nd2 O-O 6. Ngf3 b6 7. O-O Bb7 8. Ne5 Nbd7 9. Qa4 {E16: Queen's Indian: 4 g3 Bb7 5 Bg2 Bb4+} Bd6 10. cxd5 (10. Nxd7 Qxd7 11. Qxd7 Nxd7 12. cxd5 Bxd5 13. e4 Bb7 14. Rd1 Be7 15. Nc4 Nf6 16. f3 c5 17. dxc5 Bxc5+ 18. Be3 Bxe3+ 19. Nxe3 Rfd8 20. Rxd8+ Rxd8 21. Rd1 Rxd1+ 22. Nxd1 e5 {½-½ (22) Bluebaum,M (2632)-Yu,Y (2738) Moscow 2017}) 10... exd5 11. Ndc4 {[%cal Bd2c4,Bc4e3,Be3f5][%mdl 32] LiveBook: 4 Games. The position is equal.} Be7 (11... Bxe5 $5 12. Nxe5 Nxe5 13. dxe5 Nd7 $11) 12. Ne3 Nb8 $146 ({Predecessor:} 12... Nxe5 13. dxe5 Ne4 14. Rd1 Nc5 15. Qg4 c6 16. b4 Bc8 17. Nf5 Bxf5 18. Qxf5 {0-1 (57) Gagare,S (2225)-Venkatesh,M (2468) Chennai 2011}) 13. Nf5 Ne4 14. Bf4 Bg5 15. f3 (15. Bxg5 {is more complex.} Nxg5 16. Rac1 Ne6 17. Qa3 Re8 18. Qf3) 15... Bxf4 16. fxe4 ({Much weaker is} 16. gxf4 Nd6 $11) 16... Bxe5 $1 17. dxe5 {Hoping for exd5.} Nd7 18. exd5 Nxe5 19. Rac1 g6 20. Qd4 (20. Nh6+ $14 Kg7 21. Ng4 Nxg4 22. Qxg4) 20... f6 $11 21. Nh6+ Kg7 22. Ng4 {Threatens to win with Rxf6!} c5 23. Qf4 Nxg4 24. Qxg4 Qd6 ({But not} 24... Bxd5 $2 25. Rfd1 $18) 25. e4 Rae8 26. Qf4 Re5 27. a3 a5 28. Qd2 a4 29. Qc2 Ba6 30. Rf2 Bb5 31. b3 axb3 32. Qxb3 Bd7 33. a4 Ree8 34. Rb2 Rb8 35. Rcb1 Rfc8 36. Qc4 Rc7 37. Qa6 (37. Bf3 $11) 37... c4 $15 38. Rxb6 {[#]} Rxb6 ({Reject} 38... c3 $6 39. Rxd6 Rxb1+ 40. Bf1 $11) (38... Qc5+ $1 $17 39. Kf1 Rbc8) 39. Qxb6 $11 Qxb6+ 40. Rxb6 $17 {[%mdl 4096] Endgame KRB-KRB} c3 41. Rb1 Bxa4 (41... c2 $5 42. Rc1 $8 Bxa4 $11) 42. Rc1 c2 43. Kf2 f5 44. exf5 gxf5 45. Ke3 Kf6 46. Bf1 Ke5 47. Bd3 Rc5 48. Kd2 Rxd5 {White must now prevent ...Bb5.} 49. Kc3 Rc5+ 50. Kd2 Kd4 51. Bxc2 Bxc2 52. Rxc2 Rxc2+ 53. Kxc2 $11 {KPP-KPP} Ke3 (53... Ke4 $5 54. Kc3 $8 h5 $11) 54. Kc3 h5 {aiming for ...h4!} (54... Kf3 $5 {[%cal Rf3g2]} 55. Kd4 f4 56. gxf4 Kxf4 $11) 55. Kc2 Ke2 56. Kc3 Ke3 (56... h4 $5 57. Kd4 $8 hxg3 58. hxg3 Kf3 $11) 57. Kc2 Kf2 {( -> ...Kg2)} 58. Kd2 Kf1 (58... Kf3 $5) 59. Ke3 $2 {[%mdl 8192]} (59. Kd3 $11) 59... Kg2 60. Ke2 {[#]} h4 $1 {Precision: White = 79%, Black = 72%.} 0-1

[Event "10th KiiT Festival 2017"]
[Site "Bhubaneshwar"]
[Date "2017.05.27"]
[Round "2"]
[White "Mokal, Amruta Sunil"]
[Black "Rahman, Ziaur"]
[Result "0-1"]
[WhiteElo "2107"]
[BlackElo "2526"]
[Annotator "TA"]
[PlyCount "78"]
[EventDate "2017.05.26"]
[EventType "swiss"]
[EventCountry "IND"]
[SourceTitle "playchess.com"]
[Source "ChessBase"]
[SourceQuality "1"]

{[%evp 9,78,26,45,8,4,-5,0,0,14,0,64,35,41,-16,-24,-20,-20,-25,-31,-38,4,-16,-1,-42,-43,-49,-22,-17,-6,-24,-12,-25,-24,-46,-43,-30,0,0,0,-13,-11,-16,0,-50,-57,-75,-69,-214,-210,-406,-410,-382,-303,-291,-291,-284,-286,-460,-450,-759,-757,-985,-985,-958,-806,-803,-799,-819,-791,-1462,-1452]} 1. e4 g6 2. d4 Bg7 3. Nc3 c6 4. Be3 d5 5. f3 Qb6 6. Rb1 {B15: Caro-Kann: 3 Nc3: 3...g6 and 3...dxe4 4 Nxe4 Nf6 5 Nxf6+ exf6} (6. Qd2 Qxb2 7. Rb1 Qa3 8. exd5 Nf6 9. dxc6 bxc6 10. Bd3 O-O 11. Rb3 Qa5 12. Nge2 Nbd7 13. O-O e5 14. Rfb1 exd4 15. Bxd4 Nc5 {1-0 (47) Savchenko,B (2613)-Berkes,F (2648) Budapest 2017}) 6... dxe4 7. fxe4 e5 $1 {[%cal Re5d4]} 8. Nf3 {The position is equal.} Nd7 9. Bc4 {Strongly threatening 0-0.} Ngf6 (9... exd4 $1 $11 10. Nxd4 (10. Bxd4 Bxd4 11. Qxd4 Qxd4 $11) 10... Qc7) 10. O-O $146 ({Predecessor:} 10. Qe2 Qc7 11. Bxf7+ Kxf7 12. Qc4+ Ke8 13. Qe6+ Kd8 14. Ng5 Rf8 15. Rd1 exd4 16. Bxd4 Ne8 17. Bc5 Qf4 18. Qe7+ {1-0 (18) Barczay,L (2450)-Spiridonov,N (2470) Zrenjanin 1980}) 10... O-O $1 {[#] And now ...Ng4 would win.} 11. Kh1 ({White should play} 11. h3 $14) 11... Ng4 $11 12. Bg1 Qb4 13. Bb3 exd4 14. Nxd4 {Hoping for a3.} Nb6 15. a3 Qe7 16. a4 {Threatens to win with a5.} (16. h3 $5 {[%cal Rh3g4]}) 16... Ne5 17. a5 Nbc4 18. a6 Bh6 {...Nd2 is the strong threat.} 19. axb7 Bxb7 {next ...Nd2 is good for Black.} 20. Bxc4 Nxc4 21. Nb3 Rfd8 $36 {[%mdl 2048] Black has good play.} 22. Qf3 Ne5 23. Qg3 Bg7 24. Bc5 Qe8 25. Na5 Bc8 26. b4 Ba6 27. Rf2 Rd7 28. h4 (28. Nd1 $15) 28... h5 $19 29. Ne2 $2 (29. Rf4) 29... Rad8 ({Don't play} 29... Ng4 30. Ng1 $19) 30. Ng1 Qe6 31. Nb3 Ng4 32. Rf3 Qxe4 33. Re1 $2 (33. Rc1 {was the only defense.}) 33... Qxc2 {Black is clearly winning.} 34. Be7 (34. Qf4 $142 Kh7 35. Nh3) 34... Re8 35. Rc1 {[#]} Qxc1 $1 {[%mdl 512]} 36. Nxc1 Rdxe7 37. Nd3 Bxd3 38. Rxd3 Re1 39. Rd7 Rf1 {Precision: White = 18%, Black = 66%.} 0-1

[Event "10th KiiT Festival 2017"]
[Site "Bhubaneshwar"]
[Date "2017.05.27"]
[Round "2"]
[White "Arpita, Mukherjee"]
[Black "Khusenkhojaev, Muhammad"]
[Result "0-1"]
[WhiteElo "2102"]
[BlackElo "2433"]
[Annotator "TA"]
[PlyCount "106"]
[EventDate "2017.05.26"]
[EventType "swiss"]
[EventCountry "IND"]
[SourceTitle "playchess.com"]
[Source "ChessBase"]
[SourceQuality "1"]

{[%evp 17,106,11,4,-6,8,-11,-9,-11,-11,-11,-11,-11,-8,-18,-6,-6,0,-5,0,-10,-7,-31,-31,-31,-29,-30,-16,-16,-16,-16,-16,-63,-60,-62,-61,-61,-61,-61,-61,-64,-60,-75,-67,-68,-67,-67,-73,-76,-54,-54,-54,-54,-54,-54,-54,-54,-54,-54,-54,-54,-54,-56,-65,-67,-54,-54,-48,-63,-63,-86,-79,-102,-102,-106,-95,-95,-95,-918,-887,-2601,-2209,-1900,-238,-12835,-11668,-12844,-12844,-12845,-12845,-12846,-12843]} 1. e4 e6 2. d4 d5 3. Nd2 c5 4. Ngf3 Nc6 5. c3 cxd4 6. cxd4 dxe4 7. Nxe4 Nf6 8. Bd3 Be7 9. O-O O-O {LiveBook: 91 Games} 10. Bb1 {B22: Sicilian: 2 c3} (10. Be3 Nd5 11. a3 b6 12. Rc1 Bb7 13. Bb1 Rc8 14. Qd3 f5 15. Nc3 Bf6 16. Rfd1 Nce7 17. Bd2 Ng6 {0-1 (56) Ashton,A (2378)-Sadler,M (2670) Reading 2017}) 10... Qd5 11. Nc3 (11. Qd3 {is interesting.} Qxe4 12. Qxe4 Nxe4 13. Bxe4 Rd8 14. Rd1) 11... Qh5 12. Ne5 {The position is equal.} Qxd1 ({Much weaker is} 12... Nxe5 $6 13. Qxh5 Nxh5 14. dxe5 $16) 13. Rxd1 Rd8 $146 ({Predecessor:} 13... Nb4 14. Bg5 Rd8 15. Be4 Nbd5 16. Bf3 h6 17. Bh4 g5 {1-0 (41) Hodgson,J (2285)-Jackson,S (2095) Chester 1979}) 14. Nxc6 bxc6 15. Bf4 c5 16. dxc5 {Hoping for Rxd8+.} Rxd1+ 17. Nxd1 Bxc5 18. Bd3 Nd5 $36 {[%mdl 2048] Black is more active.} 19. Bg3 Bb7 20. Nc3 Nxc3 21. bxc3 Rc8 22. Rb1 Bb6 23. c4 Rd8 24. Rd1 Be4 25. Be2 Rxd1+ 26. Bxd1 $15 {[%mdl 4096] Endgame KBB-KBB} Bd3 27. Bb3 Bc5 $1 28. Bf4 Kf8 29. g3 Ke7 30. Kg2 f6 31. h4 e5 32. Bd2 f5 33. Bc3 Kd6 34. Bd2 Ke6 35. Bc3 g6 36. Bd2 Be2 37. Bc1 Kd6 38. Bd2 Kc6 39. Bc3 Bd4 40. Bb4 a6 41. Kg1 f4 {[#] And now ...fxg3 would win.} 42. gxf4 exf4 43. Bd2 Be5 44. Bb4 {[#]} Bf6 $1 45. Bd2 Kc5 46. Bxf4 Bxc4 47. h5 $2 {[%mdl 8192]} (47. Bxc4 $17 Kxc4 48. h5) 47... Bxb3 $19 48. axb3 {KB-KB} Kb4 49. Kg2 Kxb3 50. Kh3 $2 (50. Bc7) 50... a5 {[%cal Ba6a5,Ba5a4][%mdl 32] Black is clearly winning.} 51. hxg6 hxg6 52. Bd6 a4 53. Kg4 Bc3 {Precision: White = 51%, Black = 69%.} 0-1

[Event "10th KiiT Festival 2017"]
[Site "Bhubaneshwar"]
[Date "2017.05.27"]
[Round "2"]
[White "Dixit, Nikhil"]
[Black "Raghunandan, Kaumandur Srihari"]
[Result "1/2-1/2"]
[WhiteElo "2101"]
[BlackElo "2410"]
[Annotator "TA"]
[PlyCount "55"]
[EventDate "2017.05.26"]
[EventType "swiss"]
[EventCountry "IND"]
[SourceTitle "playchess.com"]
[Source "ChessBase"]
[SourceQuality "1"]

{[%evp 9,55,20,25,19,20,2,14,0,0,0,0,0,0,-39,-25,-43,-34,-14,-16,-43,-35,-37,32,-54,-71,-72,-68,-97,-98,-95,-33,-31,-24,-15,-15,-59,0,0,80,0,48,33,440,102,104,60,127,0]} 1. e4 c5 2. Nf3 d6 3. c3 Nf6 4. Be2 Bg4 5. O-O e6 6. h3 {B50: Sicilian: 2...d6, Miscellaneous} Bh5 7. Re1 (7. d4 Nxe4 8. d5 Nd7 9. dxe6 fxe6 10. Nfd2 Bxe2 11. Qxe2 Nxd2 12. Nxd2 Qf6 13. Ne4 Qg6 {½-½ (111) Nisipeanu,L (2679)-Adhiban,B (2653) Wijk aan Zee 2016}) 7... Nc6 8. d4 {The position is equal.} cxd4 9. cxd4 d5 10. e5 Ne4 11. Nc3 Bb4 12. Qb3 Qa5 $146 {White must now prevent ...Bxf3.} ({Predecessor:} 12... O-O 13. Be3 Qe7 {0-1 (46) Tsarukian,E (2201)-Filipenko,A (2344) Togliatti 2011}) 13. g4 Bg6 $36 {[%mdl 2048] Black has some pressure.} 14. Be3 $1 O-O {[%cal Re4c3]} 15. Rec1 Rac8 ({Black should play} 15... Nxc3 $15 16. bxc3 Ba3) 16. a3 (16. Nxe4 $1 $14 dxe4 17. Nh4) 16... Bxc3 $1 $15 17. bxc3 Qc7 18. Nh4 Na5 19. Qb4 Nc4 ({Weaker is} 19... Nxc3 20. Bf1 $16) (19... f6 $17 20. c4 Nxc4) 20. Bxc4 $1 Qxc4 (20... a5 $5 {[%cal Ra5b4]} 21. Qb5 Qxc4 22. Qxa5 Nxc3 23. Nxg6 hxg6 $15) 21. Qxb7 Nxc3 {aiming for ...Ne2+.} 22. Kh2 Qd3 (22... Be4 $15) 23. Nxg6 $11 fxg6 (23... hxg6 $11 24. Rab1 Nxb1 25. Rxc8 Rxc8 26. Qxc8+ Kh7) 24. Qxa7 (24. Ra2 $16) 24... Rc6 (24... Qe2 $5 {[%cal Rf8f2]} 25. Qb6 Rxf2+ 26. Bxf2 Rf8 27. Qxe6+ (27. Rxc3 {is a self mate.} Rxf2+ 28. Kg3 Rg2+ 29. Kf4 Qd2+ 30. Re3 g5+ 31. Kxg5 Qxe3+ 32. Kh5 Qh6#) 27... Kh8 $17) 25. Qd7 Qc4 $2 {[%mdl 8192] [#]} (25... Qe2 $1 $14) 26. a4 $2 (26. Rab1 $1 $18 {[%mdl 512] and the rest is easy.} Rc7 (26... Nxb1 27. Rxc4) 27. Qxe6+ Kh8 28. Qd6) 26... Rf7 $16 27. Qd8+ Rf8 {[#]} 28. Qd7 {Precision: White = 34%, Black = 39%.} (28. Qa5 $1 $16 Qb3 29. Rab1) 1/2-1/2

[Event "10th KiiT Festival 2017"]
[Site "Bhubaneshwar"]
[Date "2017.05.27"]
[Round "2"]
[White "Divya Lakshmi R"]
[Black "Krishna Teja, N."]
[Result "0-1"]
[WhiteElo "2093"]
[BlackElo "2406"]
[Annotator "NA"]
[PlyCount "114"]
[EventDate "2017.05.26"]
[EventType "swiss"]
[EventCountry "IND"]
[SourceTitle "playchess.com"]
[Source "ChessBase"]
[SourceQuality "1"]
[TimeControl "5400+30"]

1. e4 c5 2. Nf3 e6 3. d4 cxd4 4. Nxd4 a6 5. c4 Nf6 6. Nc3 Bb4 7. Bd3 Nc6 8. Nde2 Qc7 9. a3 Be7 10. O-O Ne5 11. b3 Nfg4 12. Bf4 g5 13. Bxe5 Qxe5 14. g3 Qf6 15. h3 Ne5 16. b4 d6 17. Nd4 Bd7 18. Rc1 Rc8 19. Qe2 Nxc4 20. Bxc4 Qxd4 21. Nb1 b5 22. Bd3 O-O 23. Rfd1 Bf6 24. Rxc8 Rxc8 25. Nd2 Qb2 26. e5 Qxe5 27. Qh5 Kf8 28. Ne4 Ke7 29. Nxf6 Qxf6 30. Qxh7 Qf3 31. Re1 Bc6 32. Be4 Bxe4 33. Qxe4 Qxe4 34. Rxe4 f5 35. Re1 Rc3 36. Ra1 d5 37. Kg2 Kf6 38. h4 gxh4 39. gxh4 e5 40. a4 bxa4 41. Rxa4 Rc6 42. Kf3 d4 43. Ra5 Rd6 44. Ke2 e4 45. b5 axb5 46. Rxb5 Ra6 47. Rb2 Ke5 48. h5 Rh6 49. f3 Rxh5 50. Rb5+ Kf4 51. fxe4 Kxe4 52. Rb8 Rh2+ 53. Ke1 f4 54. Rb3 f3 55. Ra3 d3 56. Ra8 Rh1+ 57. Kd2 f2 0-1